000 00441cam a2200181 4500
001 D5585
008 090401t1984 xxu||||| |||| 00| 0 eng d
035 _a(Sirsi) u57656
041 _aeng
050 _a338.4369
100 _aHillebrandt, Patricia M
245 _aAnalysis of the British construction industry
260 _aLondon
_bMacMillan
_c1984
300 _axxiv. 338p. 22cm
350 _a30
942 _n0
948 _c04/03/1997
999 _c93957
_d93957